000 00665nam a2200253Ia 4500
003 OSt
005 20221007072634.0
006 a|||||r|||| 00| 0
007 ta
008 221006b |||||||| |||| 00| 0 eng d
024 _a25,305
037 _cTextual
040 _aFLL
_cFLL
_beng
041 _2eng
_aeng
082 _aZ3:8e, J3.1
100 _aKey
_9691115
245 0 _aPrecedents in conveyancing
250 _a15th
260 _aLondon
_bSweet & Maxwell Ltd. London
_c1953
300 _aclxxii,1-1467p
_ccm.
700 _a Elphinstone's
_9691116
942 _hZ3:8e, J3.1
_cTEXL
_2CC
999 _c1146621
_d1146621